|
|
|
|
| LEADER |
00976nam a2200217 a 4500 |
| 001 |
GR-Patra30554 |
| 003 |
GR-PaULI |
| 005 |
20230426105937.0 |
| 008 |
101206s2000 gr a g 000 0 gre d |
| 952 |
|
|
|0 0
|1 0
|2 ddc
|4 0
|6 617_719000000000000_ΕΚΑ
|7 0
|9 312213
|a LISP
|b LISP
|c BSC
|d 2021-01-17
|e 24
|f
|g 0.00
|i 47314
|l 0
|o 617.719 ΕΚΑ
|p 025000301829
|r 2021-01-17 00:00:00
|t 1
|v 2021.00
|w 2021-01-17
|y BK15
|e
|x
|x
|x GrPaTEI
|
| 999 |
|
|
|c 179114
|d 179114
|
| 040 |
|
|
|a GrPaTEI
|b gre
|c GR-PaULI
|e AACR2
|
| 082 |
0 |
4 |
|a 617.719
|2 23
|
| 100 |
1 |
|
|a Εκατομάτης, Παντελής
|9 197498
|e συγγραφέας.
|
| 245 |
1 |
0 |
|a Μικροβιακές λοιμώξεις κερατοειδούς /
|c Παντελής Εκατομάτης.
|
| 260 |
|
|
|a Αθήνα :
|b Πασχαλίδης,
|c c2000.
|
| 300 |
|
|
|a 124 σ. :
|b εικ. ;
|c 24 εκ.
|
| 504 |
|
|
|a Βιβλιογραφία: σ.113-124
|
| 650 |
|
4 |
|a Οφθαλμός
|x Ασθένειες.
|9 33978
|
| 942 |
|
|
|2 ddc
|c BK
|
| 998 |
|
|
|c ΜΠΟΥΡΑΣ
|d 2023-04
|